00585nam a2200181Ia 4500008004100000040001900041041001200060082002800072100002200100245010200122250001200224260003000236300003500266504004800301650001200349651002100361850002100382131103s9999 xx 000 0 und d aLoreto College aEnglish a944.02/MARbLCLIB/15834 aMarkham, Violet R aRomanesque Franceb Studies in the archaeology and history of the 12th century cViolet R Markham a1st ed. aLondonbJohn Murrayc1929 axvii,521p.b ill. mapsc 21cm. aIncludes bibliographical references & index aHistory aFrench - History aLCLIB/944.02/MAR